000 01085nam0a22002411 4500
001 rc\3544481
005 20130115144633.1
035 _a(NLR Aleph) 007634912
090 _a6063185
_c6063185
100 _a20130115d1972 |||y0rusy50 ca
101 0 _arus
102 _aRU
105 _ay z |||||
200 1 _aВопросы создания автоматизированных систем управления
_e[Сборник]
_f[Отв. ред. канд. экон. наук, доц. Волков С.И.]
210 _aМосква
_cБ. и.
_d1972
215 _a171 с.
_d20
225 1 _aМинистерство высшего и среднего специального образования СССР. Московский экономико-статистический институт. Отраслевая научная исследовательская лаборатория. Труды института
702 1 _aВолков
_bС. И.
_4340
801 0 _aRU
_bNLR
_gpsbo
801 1 _aRU
_bELAR
_2rusmarc
852 _aNLR
_j72-3/12401
942 _cBOOK
980 _aNB